000 00525nam a2200181Ia 4500
005 20250508154443.0
008 008 250505s9999 xx 000 0 eng d
037 _aBooks to be hide in OPAC
040 _aFEDL
_beng
_cFEDL
041 _aeng
_2eng
084 _a414, TUR/O
_qFEDL
100 _aTurner John D
_9656460
245 0 _aIntroduction to the language laboratory
260 _aLondon, UK
_bUniversity of London Press
_c1965
300 _a110p
942 _cHB
_h414, TUR/O
999 _c1350343
_d1350343